Escuela Nacional de Administración Pública (Record no. 59867)

MARC details
000 -LEADER
campo de control de longitud fija 00582nam a2200169 i 4500
001 - NÚMERO DE CONTROL
campo de control 59867
003 - IDENTIFICADOR DE NÚMERO DE CONTROL
campo de control ES-MaACL
005 - FECHA Y HORA DE LA ÚLTIMA TRANSACCIÓN
campo de control 20230906164119.0
007 - CAMPO FIJO DE DESCRIPCIÓN FÍSICA--INFORMACIÓN GENERAL
campo de control de longitud fija t|
008 - DATOS DE LONGITUD FIJA--INFORMACIÓN GENERAL
campo de control de longitud fija 031031s1970 sp f |||| | spa d
110 2# - ENTRADA PRINCIPAL--NOMBRE DE ENTIDAD CORPORATIVA
Nombre de entidad corporativa o nombre de jurisdicción como elemento de entrada Escuela Nacional de Administración Pública (España)
9 (RLIN) 3576
245 10 - MENCIÓN DEL TÍTULO
Título Escuela Nacional de Administración Pública
Resto del título : 1960-1970 : crónica de 10 años.
260 ## - PUBLICACIÓN, DISTRIBUCIÓN, ETC.
Lugar de publicación, distribución, etc. [S.l. :
Nombre del editor, distribuidor, etc. s.n.,
Fecha de publicación, distribución, etc. 1970] (
Lugar de fabricación/manufactura Madrid :
Fabricante Imnasa)
300 ## - DESCRIPCIÓN FÍSICA
Extensión 30 h., 1 lám. ;
Dimensiones 30 cm.
610 24 - PUNTO DE ACCESO ADICIONAL DE MATERIA--NOMBRE DE ENTIDAD CORPORATIVA
Nombre de entidad corporativa o nombre de jurisdicción como elemento de entrada Escuela Nacional de Administración Pública (España)
9 (RLIN) 3576
852 ## - LOCALIZACIÓN
Ubicación ES-MaACL
Número de control de estantería C-43286
Holdings
Estatus retirado Estado de pérdida Estado de daño No para préstamo Biblioteca de origen Biblioteca actual Ubicación en estantería Fecha de adquisición Fuente de adquisición Total de préstamos Signatura topográfica completa Código de barras Visto por última vez Precio de reemplazo Tipo de ítem Koha
        Biblioteca del Ateneo de Madrid Biblioteca del Ateneo de Madrid Depósito 2 17/01/2008     C-43286 1062788 23/02/2023 23/02/2023 Libro impreso